Autoridad y obediencia : cátedra de derecho público y otros escritos de Manuel Gómez Morín, 1917-1933 /

Guardado en:
Detalles Bibliográficos
Autor principal: Gómez Morín, Manuel (autor)
Otros autores: Estrada Sámano, Rafael (introducción) (introducción)
Formato: Libro
Idioma:Español
Publicado: México : Suprema Corte de Justicia de la Nación : Centro Cultural Manuel Gómez Morín, 2010, c2010
Etiquetas: Agrega una etiqueta
Sin etiquetas, Sé el primero en etiquetar este registro!

MARC

LEADER 00000nam^a2200000^a^4500
001 000572999
005 20250521000000.0
009 20260310132319.461
020 |a 978-607-468-215-1 
037 |a Acervo ITESO - Biblioteca 
041 |a ESP 
091 |a FGM. 04723 
100 |a Gómez Morín, Manuel  |e (autor) 
245 1 0 |a Autoridad y obediencia :  |b cátedra de derecho público y otros escritos de Manuel Gómez Morín, 1917-1933 / 
264 4 |a México :  |b Suprema Corte de Justicia de la Nación :  |b Centro Cultural Manuel Gómez Morín,  |c 2010, c2010 
300 |a XXII, 245 p. 
336 |a texto  |b txt  |2 rdacontenido 
337 |a sin mediación  |b n  |2 rdamedio 
338 |a volumen  |b nc  |2 rdasoporte 
649 |a XX 
700 |a Estrada Sámano, Rafael  |e (introducción) 
910 |a Fondo Efraín González Morfín 
920 |a Impresos - Libros 
930 |a Fondos Especiales 
905 |a 130 
901 |a 0500392052  |b IT2  |c ESL  |i D95021  |u 20250521 
902 |a https://opac.biblio.iteso.mx/vufind/Record/000572999